000 01049cam a22003257a 4500
003 CHAP
005 20220329142344.0
008 000914d1999 uk a r 00110 eng d
010 _a82252
011 _a83224
020 _a0632040475
035 _a93735
040 _cCHAP
082 0 4 _a634.9
_bH89
100 0 0 _aHuxley, Peter.
_957055
245 1 0 _aTropical agroforestry
_c/by Peter Huxley
260 _aOxford :
_bBlackwell Science,
_cc.1999.
300 _a371 p. :
_bilus.
590 _aBATCH-UPD
_b10
_c20130110
_lUCH01
_h0620
590 _aBATCH-UPD
_b10
_c20130410
_lUCH01
_h0303
590 _aBATCH-UPD
_b10
_c20130913
_lUCH01
_h2210
590 _aCONVERSION
_b10
_c20130109
_lUCH01
_h1346
650 1 4 _aAgricultura
_xTrópicos.
_91888
650 1 4 _aAgroforestería.
_92156
901 _aBK
905 _aLilia Sánchez G.
942 _cLIBRO
949 _a634.9 H89
_bBC
_cLIBRO
_d33724000785622
_eLIBRO
_gI.206100
_h98744
_i93735
_si
_t$1.163.52
949 _a634.9 H89
_bBC
_cLIBRO
_d33724000810859
_eLIBRO
_fc.2
_gI.208838
_h99209
_i93735
_si
_t$1.103.52
999 _c82252
_d82252